000 00375nam a22001337a 4500
082 _a624.15
_bnay
_cL-38, P-92
100 _aNayak, Narayan V
_942484
245 _aFoundation Design Manual
_cNayak, Narayan V
260 _aNew Delhhi
_bDhanpat Rai
300 _aiv, p s-1.5
_bill
_c20 cm
526 _a0
_b0
_c0
_d624_150000000000000_NAY
650 _aMCE
_9379
942 _2ddc
_cBK
999 _c546366
_d546366